Research methodology : methods and techniques (Record no. 297068)

MARC details
000 -LEADER
fixed length control field 00431nam a22001577a 4500
005 - DATE AND TIME OF LATEST TRANSACTION
control field 20240504123323.0
008 - FIXED-LENGTH DATA ELEMENTS--GENERAL INFORMATION
fixed length control field 240504b |||||||| |||| 00| 0 eng d
020 ## - INTERNATIONAL STANDARD BOOK NUMBER
International Standard Book Number 9789389802559
082 ## - DEWEY DECIMAL CLASSIFICATION NUMBER
Classification number 001.42 KOT;1 R
100 ## - MAIN ENTRY--PERSONAL NAME
Personal name Kothari, C R. Garg, Gaurav.
245 ## - TITLE STATEMENT
Title Research methodology : methods and techniques
250 ## - EDITION STATEMENT
Edition statement 5th ed.
260 ## - PUBLICATION, DISTRIBUTION, ETC. (IMPRINT)
Place of publication, distribution, etc. New Delhi
Name of publisher, distributor, etc. New Age International
Date of publication, distribution, etc. 2024
300 ## - PHYSICAL DESCRIPTION
Extent xix, 464
942 ## - ADDED ENTRY ELEMENTS (KOHA)
Koha item type Law Books
Holdings
Date last seen Total Checkouts Total Renewals Full call number Accession number Date checked out Copy number Cost, replacement price Price effective from Category Lost status Source of classification or shelving scheme Damaged status Department Withdrawn status bill no. bill date Permanent Location Current Location Shelving location Entry date Vendor Cost, normal purchase price Grants Currency symbol Conversion rate Discount
05/06/2025 2 1 001.42 KOT;1 R LL3268 30/12/2024 1 374.25 04/05/2024 Law Books   Dewey Decimal Classification   LAW   98153 25/03/2024 Law Library Law Library Law Library 03/04/2024 Book paradise 499.00 Law Rupees 1 25
31/12/2024 1   001.42 KOT;2 R1 LL3269 18/12/2024 2 374.25 04/05/2024 Law Books   Dewey Decimal Classification   LAW   98153 25/03/2024 Law Library Law Library Law Library 03/04/2024 Book paradise 499.00 Law Rupees 1 25

© For any Suggestions or Query, please contact the library staff @ librarian@pes.edu or Phone: +9180 2672 1983/ 2108.